The noble scholar, jurist, historian


 His Excellency Dr. Abdul Wahhab bin Ibrahim Abu Sulaiman, may Allah have mercy on him.


 He was born in Umm Al-Qura in the year 1356 AH.

شهادة اللفيف / (Record no. 11667)

MARC details
000 -LEADER
fixed length control field 01280cam a22002891i 4500
003 - CONTROL NUMBER IDENTIFIER
control field SA-RiAUC
005 - DATE AND TIME OF LATEST TRANSACTION
control field 20250913060626.0
008 - FIXED-LENGTH DATA ELEMENTS--GENERAL INFORMATION
fixed length control field 250911t1988 mr g 000 0 ara c
040 ## - CATALOGING SOURCE
Original cataloging agency SA-MaUQU
Language of cataloging ara
Transcribing agency SA-RiAUC
Description conventions rda
043 ## - GEOGRAPHIC AREA CODE
Geographic area code f-mr---
082 04 - DEWEY DECIMAL CLASSIFICATION NUMBER
Classification number 347.64
Assigning agency SA-RiAUC
090 ## - LOCALLY ASSIGNED LC-TYPE CALL NUMBER (OCLC); LOCAL CALL NUMBER (RLIN)
Classification number (OCLC) (R) ; Classification number, CALL (RLIN) (NR) 347.64
Local cutter number (OCLC) ; Book number/undivided call number, CALL (RLIN) ع ر ب
100 1# - MAIN ENTRY--PERSONAL NAME
Personal name العربي الفاسي، محمد العربي بن يوسف بن محمد،
Dates associated with a name 988-1052 هجري
Relator term مؤلف.
245 10 - TITLE STATEMENT
Title شهادة اللفيف /
Statement of responsibility, etc. تأليف محمد العربي بن الشيخ الهمام أبي المحاسن يوسف الفاسي الفهري.
264 #1 - PRODUCTION, PUBLICATION, DISTRIBUTION, MANUFACTURE, AND COPYRIGHT NOTICE
Place of production, publication, distribution, manufacture الرباط :
Name of producer, publisher, distributor, manufacturer مركز إحياء التراث المغربي،
Date of production, publication, distribution, manufacture, or copyright notice [1988]
264 #3 - PRODUCTION, PUBLICATION, DISTRIBUTION, MANUFACTURE, AND COPYRIGHT NOTICE
Place of production, publication, distribution, manufacture [مكان الطبع غير محدد] :
Name of producer, publisher, distributor, manufacturer دار الثقافة للطباعة والنشر
264 #4 - PRODUCTION, PUBLICATION, DISTRIBUTION, MANUFACTURE, AND COPYRIGHT NOTICE
Date of production, publication, distribution, manufacture, or copyright notice ©1988
300 ## - PHYSICAL DESCRIPTION
Extent 45 صفحة ؛
Dimensions 23 سم
336 ## - CONTENT TYPE
Content type term نص
Content type code txt
Source rdacontent
Materials specified كتاب
337 ## - MEDIA TYPE
Media type term بدون وسيط
Media type code n
Source rdamedia
338 ## - CARRIER TYPE
Carrier type term مجلد
Carrier type code nc
Source rdacarrier
650 #7 - SUBJECT ADDED ENTRY--TOPICAL TERM
Topical term or geographic name entry element القضاء (فقه إسلامي)
Source of heading or term aucsh
650 #7 - SUBJECT ADDED ENTRY--TOPICAL TERM
Topical term or geographic name entry element شهادة الشهود (فقه إسلامي)
Source of heading or term aucsh
650 #7 - SUBJECT ADDED ENTRY--TOPICAL TERM
Topical term or geographic name entry element شهادة الشهود
General subdivision قوانين وتشريعات
Geographic subdivision المغرب
Source of heading or term aucsh
942 ## - ADDED ENTRY ELEMENTS (KOHA)
Source of classification or shelving scheme Dewey Decimal Classification
Koha item type Books
Suppress in OPAC No
949 ## - LOCAL PROCESSING INFORMATION (OCLC)
a SA-JeALM
d 250911
u mohamedma123
n 1
Holdings
Withdrawn status Lost status Source of classification or shelving scheme Damaged status Not for loan Home library Current library Date acquired Total checkouts Full call number Barcode Date last seen Price effective from Koha item type
    Dewey Decimal Classification     DR AbdElwahab Library DR AbdElwahab Library 09/13/2025   347.64 ع ر ب 000018831 09/13/2025 09/13/2025 Books